香港特别行政区小测验-Hong Kong SAR Quiz - Statistics

General Stats
  • This quiz has been taken 34 times
  • The average score is 14 of 19
Answer Stats
提示 答案 % Correct
香港在这一年回归中国 1997
100%
相邻的地级市 深圳市
97%
这则不平等条约使香港岛被割让 {南京}条约
97%
这种花是香港的象征 紫荆花
97%
这三所大学位列亚洲大学前十 (泰晤士高等教育,2021年) 香港大学
94%
这三所大学位列亚洲大学前十 (泰晤士高等教育,2021年) 香港中文大学
91%
改革开放前深圳与香港仅有的两个陆路口岸 罗湖口岸
88%
这则不平等条约使九龙半岛被割让 {北京}条约
85%
香港“四大天王”指20世纪90年代最受欢迎的 四位男歌手,他们分别是 刘德华
85%
香港“四大天王”指20世纪90年代最受欢迎的 四位男歌手,他们分别是 张学友
79%
任写一位香港行政长官 董建华, 曾荫权, 梁振英, 林郑月娥, 李家超
76%
中英在这一年签订联合声明, 决定中国对香港恢复主权 1984
76%
这三所大学位列亚洲大学前十 (泰晤士高等教育,2021年) 香港科技大学
70%
香港“四大天王”指20世纪90年代最受欢迎的 四位男歌手,他们分别是 黎明
70%
香港的高铁站 香港西九龙站
67%
香港“四大天王”指20世纪90年代最受欢迎的 四位男歌手,他们分别是 郭富城
67%
这座山是香港最高峰 大帽山
42%
深圳与香港唯一全天开放的口岸 皇岗口岸
39%
改革开放前深圳与香港仅有的两个陆路口岸 文锦渡口岸
18%
No matching quizzes found
Score Distribution
Percent of People with Each Score
Percentile by Number Answered
Your Score History
You have not taken this quiz